<?xml version="1.0" encoding="UTF-8"?>
<record
    xmlns:xsi="http://www.w3.org/2001/XMLSchema-instance"
    xsi:schemaLocation="http://www.loc.gov/MARC21/slim http://www.loc.gov/standards/marcxml/schema/MARC21slim.xsd"
    xmlns="http://www.loc.gov/MARC21/slim">

  <leader>06383nam a2200529 i 4500</leader>
  <controlfield tag="001">129995</controlfield>
  <controlfield tag="003">FINmELB</controlfield>
  <controlfield tag="005">20241217180228.0</controlfield>
  <controlfield tag="006">m     o  u        </controlfield>
  <controlfield tag="007">cr cn|||||||||</controlfield>
  <controlfield tag="008">211013s2015    ag a    ob    000 0 spa d</controlfield>
  <datafield tag="020" ind1=" " ind2=" ">
    <subfield code="z">9789871305803</subfield>
  </datafield>
  <datafield tag="035" ind1=" " ind2=" ">
    <subfield code="a">(OCoLC)1280138044</subfield>
  </datafield>
  <datafield tag="040" ind1=" " ind2=" ">
    <subfield code="a">FINmELB</subfield>
    <subfield code="b">spa</subfield>
    <subfield code="e">rda</subfield>
    <subfield code="c">FINmELB</subfield>
  </datafield>
  <datafield tag="050" ind1="0" ind2="0">
    <subfield code="a">Z716.6</subfield>
    <subfield code="b">A466 2015</subfield>
  </datafield>
  <datafield tag="080" ind1=" " ind2=" ">
    <subfield code="a">02</subfield>
  </datafield>
  <datafield tag="082" ind1="0" ind2="4">
    <subfield code="a">025.174</subfield>
    <subfield code="2">23</subfield>
  </datafield>
  <datafield tag="100" ind1="1" ind2=" ">
    <subfield code="a">Alonso Ar&#xE9;valo, Julio,</subfield>
    <subfield code="e">autor.</subfield>
  </datafield>
  <datafield tag="245" ind1="1" ind2="0">
    <subfield code="a">Ebooks en bibliotecas :</subfield>
    <subfield code="b">gesti&#xF3;n, tratamiento y aplicaciones /</subfield>
    <subfield code="c">Julio Alonso Ar&#xE9;valo, Raquel G&#xF3;mez D&#xED;az, Jos&#xE9; Antonio Cord&#xF3;n Garc&#xED;a.</subfield>
  </datafield>
  <datafield tag="264" ind1=" " ind2="1">
    <subfield code="a">Ciudad Aut&#xF3;noma de Buenos Aires :</subfield>
    <subfield code="b">Alfagrama Ediciones,</subfield>
    <subfield code="c">[2015]</subfield>
  </datafield>
  <datafield tag="300" ind1=" " ind2=" ">
    <subfield code="a">1 recurso en l&#xED;nea (441 p&#xE1;ginas) :</subfield>
    <subfield code="b">ilustraciones</subfield>
  </datafield>
  <datafield tag="336" ind1=" " ind2=" ">
    <subfield code="a">texto</subfield>
    <subfield code="b">txt</subfield>
    <subfield code="2">rdacontent/spa</subfield>
  </datafield>
  <datafield tag="337" ind1=" " ind2=" ">
    <subfield code="a">computadora</subfield>
    <subfield code="b">c</subfield>
    <subfield code="2">rdamedia/spa</subfield>
  </datafield>
  <datafield tag="338" ind1=" " ind2=" ">
    <subfield code="a">recurso en l&#xED;nea</subfield>
    <subfield code="b">cr</subfield>
    <subfield code="2">rdacarrier/spa</subfield>
  </datafield>
  <datafield tag="490" ind1="1" ind2=" ">
    <subfield code="a">Biblioteca Alfagrama</subfield>
  </datafield>
  <datafield tag="504" ind1=" " ind2=" ">
    <subfield code="a">Incluye referencias bibliogr&#xE1;ficas (p&#xE1;ginas 423-432).</subfield>
  </datafield>
  <datafield tag="500" ind1=" " ind2=" ">
    <subfield code="a">Appendix: pages 433-441.</subfield>
  </datafield>
  <datafield tag="505" ind1="0" ind2=" ">
    <subfield code="a">P&#xC1;GINA LEGAL -- INDICE -- INTRODUCCI&#xD3;N -- CAP&#xCD;TULO I - EL MERCADO DEL LIBRO ELECTR&#xD3;NICO -- 1.1. EL MERCADO EDITORIAL -- 1.2. LA GLOBALIZACI&#xD3;N DEL MERCADO -- 1.3. EL ECOSISTEMA PLANETA COMO PARADIGMA DE ESTRATEGIA DIGITAL -- 1.4. UN MERCADO DE OBRAS INTERCAMBIABLES -- 1.5. LA EDICI&#xD3;N INDEPENDIENTE -- 1.6. UN SECTOR EN PROGRESI&#xD3;N PERMANENTE -- 1.7. INTEROPERABILIDAD Y DERECHOS DEL LECTOR DIGITAL -- CAP&#xCD;TULO II - LOS DISPOSITOVOS PARA LA LECTURA DIGITAL -- 2.1. INTRODUCCI&#xD3;N -- 2.2. ANTECEDENTES HIST&#xD3;RICOSDE LOS LIBROS ELECTR&#xD3;NICOS -- 2.3. EVOLUCI&#xD3;N HIST&#xD3;RICA DE LOS DISPOSITIVOSDE LECTURA ELECTR&#xD3;NICA -- 2.4. NI&#xD1;OS Y DISPOSITIVOS -- 2.5. EL MERCADO DE LAS TABLETS -- 2.6. CARACTER&#xCD;STICAS T&#xC9;CNICAS DE LOS DISPOSITIVOS -- 2.7. LOS FORMATOS DE LECTURA -- 2.8. EVALUACI&#xD3;N DE LOS DISPOSITIVOS DE LECTURA -- 2.9. ALGUNOS CONSEJOS PARA ADQUIRIRUN DISPOSITIVO DE LECTURA -- CAP&#xCD;TULO III - APLICACIONES PARA LA LECTURA Y LAS COMPETENCIAS IMPLICADAS -- 3.1. LAS APLICACIONES DE LECTURA Y SUS POSIBILIDADES -- 3.2. LA CARGA DE CONTENIDOS -- 3.3. LA PERSONALIZACI&#xD3;N DE LOS ASPECTOSFORMALES DEL CONTENIDO -- 3.4. LA VISUALIZACI&#xD3;N Y ORGANIZACI&#xD3;N DE LOS T&#xCD;TULOS EN LA APLICACI&#xD3;N -- 3.5. PERSONALIZACI&#xD3;N DEL PROCESO DE LA LECTURA -- 3.6. LA SINCRONIZACI&#xD3;N DE LA LECTURA -- 3.7. ANOTACIONES Y MARCADO DEL TEXTO -- 3.8. B&#xDA;SQUEDA EN LOS CONTENIDOS -- 3.9. NAVEGACI&#xD3;N POR LOS CONTENIDOS -- 3.10. LECTURA SOCIAL -- 3.11. APLICACIONES DE LECTURA PARA TABLETS -- 3.12. LIBROS-APLICACI&#xD3;N -- 3.13. APLICACIONES DE LECTURA PARA EL ORDENADOR -- CAP&#xCD;TULO IV - LA INTEGRACI&#xD3;N DE LOS LIBROS ELECTR&#xD3;NICOS EN LAS BIBLIOTECAS -- 4.1. LA BIBLIOTECA COMO PUNTO DE VENTA, VISIBILIDAD Y PROMOCI&#xD3;N DEL LIBRO ELECTR&#xD3;NICO -- 4.2. RECOMENDACIONES DE LAS BIBLIOTECAS A LOS EDITORES -- 4.3. LA INICIATIVA READERFIRST -- 4.4. CONCLUSIONES -- CAP&#xCD;TULO V - PLATAFORMAS, MODELOS Y LICENCIAS -- 5.1. MODELOS DE NEGOCIO -- 5.2. M&#xC9;TODOS DE ADQUISICI&#xD3;N -- 5.3. FUENTES PARA LA ADQUISICI&#xD3;N -- 5.4. PLATAFORMAS -- 5.5. EL SECTOR DEL LIBRO ELECTR&#xD3;NICO: MODELOS DE NEGOCIO Y DERECHOS DE AUTOR -- 5.6. LA CREACI&#xD3;N Y LA PROPIEDAD INTELECTUAL -- 5.7. LAS BIBLIOTECAS Y LOS DERECHOS DE AUTOR EN EL &#xC1;MBITO DIGITAL -- 5.8. PRETNUMERIQUE.CA -- 5.9. ASPECTOS ECON&#xD3;MICOS DEL PR&#xC9;STAMO DIGITAL -- 5.10. POL&#xCD;TICAS DE LAS &#x201C;CINCO GRANDES RESPECTO AL PR&#xC9;STAMO DIGITAL EN BIBLIOTECAS -- 5.11. ATRIBUTOS Y CARACTER&#xCD;STICAS GENERALES -- 5.12. MODELOS DIGITALES DE NEGOCIOS NATIVOS -- CAP&#xCD;TULO VI - PR&#xC9;STAMO DE LIBROS ELECTRONICOS -- 6.1. EL COSTE DEL PR&#xC9;STAMO DIGITAL -- CAP&#xCD;TULO VII - GESTI&#xD3;N DE LA COLECCI&#xD3;N -- 7.1. LA INTEGRACI&#xD3;N EN EL CAT&#xC1;LOGO OPAC DE LA BIBLIOTECA -- 7.2. PLAN DE DIFUSI&#xD3;N Y PROMOCI&#xD3;N -- 7.3. PRESERVACI&#xD3;N A LARGO PLAZO -- 7.4. ESTAD&#xCD;STICAS, EVALUACI&#xD3;N Y TOMA DE DECISIONES -- 7.5. UN NUEVO PAPEL PARA LA BIBLIOTECA: EDITORIAL Y LIBRER&#xCD;A -- 7.6. CATALOGACI&#xD3;N DE LIBROS ELECTR&#xD3;NICOS -- CAP&#xCD;TULO VIII - ALFABETIZACI&#xD3;N INFORMACIONAL Y LECTURA DIGITAL -- CAP&#xCD;TULO IX - RECEPCI&#xD3;N EN LOS USUARIOS -- 9.1. ESTADOS UNIDOS -- 9.2. ESPA&#xD1;A -- CAP&#xCD;TULO X - ASPECTOS LEGALES DEL LIBRO ELECTR&#xD3;NICO EN BIBLIOTECAS -- 10.1. EL SECTOR DEL LIBRO ELECTR&#xD3;NICO: MODELOS DE NEGOCIO Y DERECHOS DE AUTOR -- 10.2. LA CREACI&#xD3;N Y LA PROPIEDAD INTELECTUAL -- 10.3. LAS BIBLIOTECAS Y LOS DERECHOS DE AUTOR EN EL &#xC1;MBITO DIGITAL -- 10.4. LOS SISTEMAS DRM: GESTORES DE DERECHOS DIGITALES -- CAP&#xCD;TULO XI - LIBROS ELECTR&#xD3;NICOS EN ACCESO ABIERTO -- 11.1. &#xBF;QU&#xC9; ES ACCESO ABIERTO? -- 11.2. LIBROS ELECTR&#xD3;NICOS EN ACCESO ABIERTO -- 11.3. LICENCIAS -- 11.4. SERVICIOS -- 11.5. BIBLIOTECAS DIGITALES -- 11.6. LIBROS DE DOMINIO P&#xDA;BLICO EN GRANDES PLATAFORMAS EDITORIALES -- 11.7. MODELOS DE SISTEMAS DE AUTOEDICI&#xD3;N Y LECTURA EN STREAMING -- 11.8. CONCLUSI&#xD3;N -- CAP&#xCD;TULO XII - ESCENARIOS FUTUROS DEL LIBRO ELECTR&#xD3;NICO EN BIBLIOTECAS -- BIBLIOGRAF&#xCD;A -- AP&#xC9;NDICE -- BUSCADORES DE LIBROS ELECTR&#xD3;NICOS -- BIBLIOTECAS DIGITALES -- INICIATIVAS -- TESIS DOCTORALES -- SOFTWARE LIBRE PARA E-BOOKS.</subfield>
  </datafield>
  <datafield tag="520" ind1=" " ind2=" ">
    <subfield code="a">Los libros electr&#xF3;nicos han supuesto una de las transformaciones m&#xE1;s importantes en la industria editorial de los &#xFA;ltimos a&#xF1;os, una revoluci&#xF3;n comparable en importancia a la que en su momento supuso la imprenta con respecto a las obras manuscritas. Su implantaci&#xF3;n ha cambiado tanto los procesos de producci&#xF3;n, como de distribuci&#xF3;n y consumo, dando lugar.</subfield>
  </datafield>
  <datafield tag="588" ind1=" " ind2=" ">
    <subfield code="a">Descripci&#xF3;n basada en metadatos suministrados por el editor y otras fuentes.</subfield>
  </datafield>
  <datafield tag="590" ind1=" " ind2=" ">
    <subfield code="a">Recurso electr&#xF3;nico. Santa Fe, Arg.: elibro, 2021. Disponible v&#xED;a World Wide Web. El acceso puede estar limitado para las bibliotecas afiliadas a elibro.</subfield>
  </datafield>
  <datafield tag="650" ind1=" " ind2="0">
    <subfield code="a">Libraries and electronic publishing.</subfield>
  </datafield>
  <datafield tag="650" ind1=" " ind2="4">
    <subfield code="a">Libros electr&#xF3;nicos.</subfield>
  </datafield>
  <datafield tag="650" ind1=" " ind2="4">
    <subfield code="a">Lectura digital.</subfield>
  </datafield>
  <datafield tag="650" ind1=" " ind2="4">
    <subfield code="a">Gesti&#xF3;n de colecciones.</subfield>
  </datafield>
  <datafield tag="650" ind1=" " ind2="4">
    <subfield code="a">Bibliotecas digitales.</subfield>
  </datafield>
  <datafield tag="650" ind1=" " ind2="0">
    <subfield code="a">Electronic books.</subfield>
  </datafield>
  <datafield tag="655" ind1=" " ind2="4">
    <subfield code="a">Libros electr&#xF3;nicos.</subfield>
  </datafield>
  <datafield tag="700" ind1="1" ind2=" ">
    <subfield code="a">G&#xF3;mez D&#xED;az, Raquel,</subfield>
    <subfield code="e">autor.</subfield>
  </datafield>
  <datafield tag="700" ind1="1" ind2=" ">
    <subfield code="a">Cord&#xF3;n Garc&#xED;a, Jos&#xE9; Antonio,</subfield>
    <subfield code="e">autor.</subfield>
  </datafield>
  <datafield tag="797" ind1="2" ind2=" ">
    <subfield code="a">elibro, Corp.</subfield>
  </datafield>
  <datafield tag="830" ind1=" " ind2="0">
    <subfield code="a">Biblioteca Alfagrama.</subfield>
  </datafield>
  <datafield tag="856" ind1="4" ind2="0">
    <subfield code="u">https://elibro.net/ereader/politecnicointernacional/188045</subfield>
  </datafield>
  <datafield tag="999" ind1=" " ind2=" ">
    <subfield code="c">129995</subfield>
    <subfield code="d">129995</subfield>
  </datafield>
</record>
